Cities More Populous than Sydney - Sudden Death - Statistics

General Stats
  • This quiz has been taken 99 times
  • The average score is 5 of 13
Answers on the Grid
Answers color-coded by a green-red scale on the quiz's grid according to % correct below.
Harbin
Manchester
Dar el Salaam
Washington D.C.
Paris
Chennai
Tehran
Xian
Tokyo
Madrid
Kabul
San Francisco
Bandung
Lucknow
Perth
Gaza
Phnom Penh
Fukuoka
Charlotte
Baranquilla
Ndjamena
Nizhny Novgorod
Bratislava
Pogorica
Thessaloniki
 
Answer Stats
Answer % Correct
Tokyo
83%
Madrid
50%
Paris
50%
Tehran
50%
San Francisco
44%
Chennai
39%
Washington D.C.
33%
Dar el Salaam
22%
Kabul
22%
Xian
22%
Bandung
17%
Harbin
17%
Manchester
17%
No matching quizzes found
Score Distribution
Percent of People with Each Score
Percentile by Number Answered
Your Score History
You have not taken this quiz